Vida de los doce césares / (Record no. 148852)
[ view plain ]
| 000 -LEADER | |
|---|---|
| campo de control de longitud fija | 00870nam a2200229 i 4500 |
| 001 - NÚMERO DE CONTROL | |
| campo de control | 148852 |
| 003 - IDENTIFICADOR DE NÚMERO DE CONTROL | |
| campo de control | ES-MaACL |
| 005 - FECHA Y HORA DE LA ÚLTIMA TRANSACCIÓN | |
| campo de control | 20230906202834.0 |
| 007 - CAMPO FIJO DE DESCRIPCIÓN FÍSICA--INFORMACIÓN GENERAL | |
| campo de control de longitud fija | t| |
| 008 - DATOS DE LONGITUD FIJA--INFORMACIÓN GENERAL | |
| campo de control de longitud fija | 070214s1964 sp |||| |cspa d |
| 100 1# - ENTRADA PRINCIPAL--NOMBRE DE PERSONA | |
| Nombre de persona | Suetonio Tranquilo, Cayo. |
| 9 (RLIN) | 108733 |
| 245 10 - MENCIÓN DEL TÍTULO | |
| Título | Vida de los doce césares / |
| Mención de responsabilidad, etc. | Suetonio ; texto revisado y traducido por Mariano Bassols de Climent. |
| 260 ## - PUBLICACIÓN, DISTRIBUCIÓN, ETC. | |
| Lugar de publicación, distribución, etc. | Barcelona : |
| Nombre del editor, distribuidor, etc. | Alma Mater, |
| Fecha de publicación, distribución, etc. | 1964 ( |
| Fabricante | Tall. Tip. Bernabé Clarasó) |
| 300 ## - DESCRIPCIÓN FÍSICA | |
| Extensión | LXVIII, 164 p. ; |
| Dimensiones | 22 cm. |
| 490 1# - MENCIÓN DE SERIE | |
| Mención de serie | Colección hispánica de autores griegos y latinos |
| 650 #4 - PUNTO DE ACCESO ADICIONAL DE MATERIA--TÉRMINO DE MATERIA | |
| Término de materia o nombre geográfico como elemento de entrada | Emperadores- |
| Subdivisión geográfica | Roma- |
| Subdivisión general | Biografías. |
| 9 (RLIN) | 162493 |
| 651 #4 - PUNTO DE ACCESO ADICIONAL DE MATERIA--NOMBRE GEOGRÁFICO | |
| Nombre geográfico | Roma- |
| Subdivisión general | Biografías- |
| Subdivisión de forma | Obras anteriores a 1800. |
| 9 (RLIN) | 162509 |
| 700 1# - ENTRADA AGREGADA--NOMBRE PERSONAL | |
| Nombre de persona | Bassols de Climent, Mariano. |
| 9 (RLIN) | 26336 |
| 830 1# - PUNTO DE ACCESO ADICIONAL DE SERIE-TÍTULO UNIFORME | |
| Título uniforme | Colección hispánica de autores griegos y latinos |
| 9 (RLIN) | 182969 |
| 852 ## - LOCALIZACIÓN | |
| Ubicación | ES-MaACL |
| Número de control de estantería | E-4819 |
| Estatus retirado | Estado de pérdida | Estado de daño | No para préstamo | Biblioteca de origen | Biblioteca actual | Ubicación en estantería | Fecha de adquisición | Fuente de adquisición | Total de préstamos | Signatura topográfica completa | Código de barras | Visto por última vez | Precio de reemplazo | Tipo de ítem Koha |
|---|---|---|---|---|---|---|---|---|---|---|---|---|---|---|
| Biblioteca del Ateneo de Madrid | Biblioteca del Ateneo de Madrid | Depósito 2 | 17/01/2008 | E-4819 | 1155335 | 23/02/2023 | 23/02/2023 | Libro impreso |
